[Event "AUTO-OPEN-4367"]
[Site "http://www.queenalice.com/game.php?id=1788698"]
[Date "2022.5.10"]
[Round "1"]
[White "Artking"]
[Black "MackMendes"]
[Result "0-1"]
[WhiteElo "2120"]
[BlackElo "2337"]

1. Nf3 d5 2. c4 d4 3. g3 Nc6 4. d3 e5 5. Nbd2 Nf6 6. Bg2 Bd6 7. O-O O-O 8. Ng5
h6 9. Nge4 Be7 10. Nxf6+ Bxf6 11. Ne4 Be7 12. c5 Kh8 13. f4 f5 14. Nd2 exf4 15.
gxf4 Bxc5 16. Kh1 Be6 17. Nf3 Rf6 18. a3 Bd5 19. b4 Bd6 20. b5 Ne7 21. Nxd4
Bxg2+ 22. Kxg2 Nd5 23. Nxf5 Rxf5 24. e4 Nxf4+ 25. Kh1 Rf8 26. Bb2 Ng6 27. Qg4
Qh4 28. Qxh4 Nxh4 29. e5 Be7 30. e6 Bf6 31. Bxf6 Rxf6 32. e7 Re8 0-1

[Event "AUTO-OPEN-4367"]
[Site "http://www.queenalice.com/game.php?id=1788699"]
[Date "2022.5.10"]
[Round "1"]
[White "MackMendes"]
[Black "Merlin_AAC"]
[Result "1-0"]
[WhiteElo "2304"]
[BlackElo "1718"]

1. d4 d6 2. c4 e6 3. Nc3 a6 4. Nf3 h6 5. e4 Be7 6. Bd3 Bg5 7. Nxg5 hxg5 8. Qg4
Nc6 9. Bxg5 e5 10. Qg3 Nf6 11. dxe5 dxe5 12. O-O-O Be6 13. Nd5 Bxd5 14. exd5 Nb4
15. Qxe5+ Kf8 16. Bb1 Rh5 17. Qf4 Qd6 18. Qd2 c5 19. Bxf6 Qxf6 20. a3 a5 21.
axb4 axb4 22. d6 Qe6 23. Qd3 Ra1 24. d7 1-0

[Event "AUTO-OPEN-4367"]
[Site "http://www.queenalice.com/game.php?id=1788700"]
[Date "2022.5.10"]
[Round "1"]
[White "Merlin_AAC"]
[Black "MackMendes"]
[Result "0-1"]
[WhiteElo "1774"]
[BlackElo "2305"]

1. d4 d5 2. e3 c5 3. c4 Nf6 4. h3 Bf5 5. Nc3 e6 6. a3 cxd4 7. exd4 a6 8. b4 Ne4
9. Qa4+ b5 10. Nxb5 Nd7 11. cxd5 axb5 12. Qxb5 Nc3 13. Qc4 Rc8 14. Qb3 Nxd5 15.
Bc4 N5b6 16. Ba6 Rc7 17. Bf4 Ra7 18. b5 Be7 19. Nf3 Nd5 20. Bd2 O-O 21. O-O Qb8
22. Rfe1 Rxa6 23. a4 Rb6 24. Rac1 Nf4 25. Bxf4 Qxf4 26. a5 Rbb8 27. b6 Nxb6 28.
axb6 Bd8 29. b7 Be4 30. Re3 Bxf3 31. gxf3 Qxd4 32. Re4 Qf6 33. Kg2 Qg5+ 34. Rg4
Qxc1 0-1

[Event "AUTO-OPEN-4396"]
[Site "http://www.queenalice.com/game.php?id=1797852"]
[Date "2022.10.12"]
[Round "1"]
[White "MackMendes"]
[Black "SAMOEL"]
[Result "0-1"]
[WhiteElo "2278"]
[BlackElo "2055"]

1. d4 d5 2. c4 dxc4 3. Nc3 Bg4 4. f3 Bd7 5. a4 e6 6. e4 Nf6 7. Bxc4 a5 8. Nge2
Bb4 9. O-O O-O 10. Bg5 h6 11. Bh4 Be7 12. e5 Nh7 13. Bg3 Nc6 14. Qd2 Na7 0-1

[Event "AUTO-OPEN-4396"]
[Site "http://www.queenalice.com/game.php?id=1797853"]
[Date "2022.10.12"]
[Round "1"]
[White "SAMOEL"]
[Black "MackMendes"]
[Result "0-1"]
[WhiteElo "2080"]
[BlackElo "2267"]

1. e4 c5 2. Nf3 Nc6 3. Bc4 e6 4. O-O Nf6 5. d3 Na5 6. Bb5 a6 7. Ba4 b5 8. Bb3
Nxb3 9. axb3 Be7 10. c4 Bb7 11. Nc3 b4 12. Na4 O-O 13. Be3 Qc7 14. Qd2 d5 15.
Bf4 Qc6 16. Ne5 Qe8 17. f3 d4 18. Bg3 Nh5 19. Bf2 f6 20. Ng4 f5 21. exf5 exf5
22. Ne5 Bd6 23. f4 Nxf4 24. Bg3 Bxe5 25. Bxf4 Bxf4 26. Rxf4 Qc6 27. Raf1 g6 28.
Qf2 Rae8 29. Qg3 Re3 30. Qg5 h6 31. Rxf5 Rxf5 32. Rxf5 hxg5 33. Rxg5 Qf6 34.
Rxc5 Re1# 0-1

[Event "AUTO-OPEN-4396"]
[Site "http://www.queenalice.com/game.php?id=1797854"]
[Date "2022.10.12"]
[Round "1"]
[White "MackMendes"]
[Black "trompmaster"]
[Result "0-1"]
[WhiteElo "2308"]
[BlackElo "2533"]

1. d4 d5 2. c4 Nc6 3. Nc3 Nf6 4. Nf3 dxc4 5. d5 Na5 6. Qa4+ c6 7. dxc6 Nxc6 8.
Bf4 Bd7 9. Qxc4 Rc8 10. Qb3 Nh5 11. Bd2 Na5 0-1

[Event "AUTO-OPEN-4396"]
[Site "http://www.queenalice.com/game.php?id=1797855"]
[Date "2022.10.12"]
[Round "1"]
[White "trompmaster"]
[Black "MackMendes"]
[Result "1-0"]
[WhiteElo "2438"]
[BlackElo "2285"]

1. d4 d5 2. Nf3 Bg4 3. Ne5 Bh5 4. g4 Bg6 5. h4 h5 6. Nxg6 fxg6 7. gxh5 gxh5 8.
Qd3 Qd6 9. Nc3 a6 10. Bg2 Nd7 11. Nxd5 O-O-O 12. Bf4 e5 13. dxe5 Qc5 14. Be3
Qa5+ 15. Bd2 Qb5 16. c4 Qxb2 17. Rb1 Qxe5 18. Bf4 1-0

[Event "AUTO-OPEN-4396"]
[Site "http://www.queenalice.com/game.php?id=1797856"]
[Date "2022.10.12"]
[Round "1"]
[White "MackMendes"]
[Black "LMP1989"]
[Result "0-1"]
[WhiteElo "2303"]
[BlackElo "2112"]

1. d4 Nf6 2. Nf3 e6 3. Bg5 Be7 4. Nbd2 d5 5. c4 O-O 6. e3 c5 7. cxd5 exd5 8.
dxc5 Bxc5 9. Bd3 Nc6 10. O-O h6 0-1

[Event "AUTO-OPEN-4396"]
[Site "http://www.queenalice.com/game.php?id=1797857"]
[Date "2022.10.12"]
[Round "1"]
[White "LMP1989"]
[Black "MackMendes"]
[Result "0-1"]
[WhiteElo "2122"]
[BlackElo "2259"]

1. e4 c5 2. Nf3 Nc6 3. Bb5 e6 4. Bxc6 bxc6 5. O-O Bd6 6. d3 Ne7 7. Nc3 O-O 8. d4
cxd4 9. Qxd4 Bc7 10. Rd1 d5 11. exd5 cxd5 12. Bf4 Bb6 13. Qd2 Ng6 14. Bg3 Bb7
15. Na4 Bc7 16. Bxc7 Qxc7 17. Nc3 a6 18. Ne2 e5 19. Ng3 d4 20. Rac1 Bxf3 21.
gxf3 Qb7 0-1

[Event "AUTO-OPEN-4367"]
[Site "http://www.queenalice.com/game.php?id=1799031"]
[Date "2022.11.1"]
[Round "2"]
[White "zhiii00"]
[Black "MackMendes"]
[Result "1-0"]
[WhiteElo "2304"]
[BlackElo "2227"]

1. d4 d5 2. c4 c6 3. Nf3 Bg4 4. Ne5 Nf6 5. Nxg4 Nxg4 6. e3 Nf6 7. Nc3 Nbd7 8.
cxd5 cxd5 9. Qb3 e6 10. Qxb7 Nb6 11. Qa6 Nfd7 12. Bd3 Be7 13. O-O O-O 14. Bd2
Bg5 15. Rac1 e5 16. Ne2 h5 17. Bf5 Qf6 18. Bxd7 Nxd7 19. Qxf6 gxf6 20. Rc7 Nb6
21. b3 h4 22. Rfc1 Nc8 23. h3 Nd6 24. Bb4 Rfd8 25. Bxd6 Rxd6 26. Rb7 a6 27. Rcc7
Rf8 28. Kf1 e4 29. Ke1 f5 30. Kd2 Bd8 31. Rd7 Ba5+ 32. Kd1 Rd8 33. Rxd8+ Bxd8
34. Kc2 Kf8 35. b4 Ke8 36. Kb3 a5 37. b5 Rd7 38. Rb8 Ke7 39. Nc3 Rd6 40. Ra8 Ke6
41. Na4 Kd7 42. Nc5+ Ke7 43. Nb7 Rb6 44. Nxd8 Rxb5+ 45. Ka3 Rb6 46. Rxa5 Kxd8
47. Rxd5+ Kc7 48. Rxf5 f6 49. Rf4 Ra6+ 50. Kb2 Rb6+ 51. Ka1 Kb7 52. Rxe4 1-0

[Event "AUTO-OPEN-4367"]
[Site "http://www.queenalice.com/game.php?id=1799032"]
[Date "2022.11.1"]
[Round "2"]
[White "MackMendes"]
[Black "zhiii00"]
[Result "0-1"]
[WhiteElo "2237"]
[BlackElo "2291"]

1. d4 Nf6 2. c4 c6 3. Nc3 d5 4. Bg5 Nbd7 5. Nf3 Qa5 6. Bd2 Qb6 7. c5 Qc7 8. e3
e5 9. dxe5 Nxe5 10. Be2 Bxc5 11. Nd4 O-O 12. O-O Re8 13. Rc1 Bxd4 14. exd4 Ng6
15. Bd3 Qd6 16. Ne2 Ne4 17. Be3 Bd7 18. Ng3 f5 19. Nxe4 fxe4 20. Be2 Re7 21. a3
a5 22. Qb3 Be8 23. Qb6 Qc7 24. Qc5 b6 25. Qc2 Qd6 26. Bd2 Rc7 27. Qb3 c5 28. g3
c4 29. Qc2 b5 30. h4 Rb7 31. h5 Ne7 32. Bf4 Qe6 33. Kg2 Nc6 34. Qd1 Rf7 35. Bg4
Qf6 36. Be3 Bd7 37. Be2 Raf8 38. Rh1 Qd8 39. h6 g6 40. b3 Ne7 41. bxc4 bxc4 42.
Bg5 Rxf2+ 43. Kg1 Qc7 44. Bf4 R2xf4 45. gxf4 Qxf4 46. Rh2 Nf5 47. Qf1 Qe3+ 48.
Rf2 Qxh6 49. Rc3 Qd2 50. Rh3 Qxd4 51. Bg4 e3 52. Rf4 e2+ 53. Rxd4 exf1=Q+ 54.
Kxf1 Nxd4+ 0-1

[Event "AUTO-MASTER-3152"]
[Site "http://www.queenalice.com/game.php?id=1806999"]
[Date "2023.3.1"]
[Round "1"]
[White "Guilherme_Ottoni"]
[Black "MackMendes"]
[Result "1-0"]
[WhiteElo "2226"]
[BlackElo "2288"]

1. e4 c5 2. Nf3 Nc6 3. Bb5 e6 4. O-O Nf6 5. Nc3 a6 6. Bxc6 bxc6 7. e5 Nd5 8. Ne4
Be7 9. c4 Nc7 10. b3 d5 11. exd6 Bxd6 12. Bb2 O-O 13. d4 cxd4 14. Qxd4 Ne8 15.
Rad1 c5 16. Nxc5 Qa5 17. Ne4 Be7 18. Ra1 Bb7 19. Bc3 Qf5 20. Ng3 Qc5 21. Qxc5
Bxc5 22. Ne5 Nf6 23. b4 Be7 24. Rfd1 Ne4 25. Nxe4 Bxe4 26. f3 Bf5 27. Rd7 Bg5
28. c5 f6 29. Nc4 e5 30. Rd6 h5 31. Rad1 h4 32. Nb6 Ra7 33. Kf2 Bf4 34. g3 hxg3+
35. hxg3 Bg5 36. Bd2 Bc2 37. Rc1 Bxd2 38. Rxd2 Bf5 39. Rcd1 Kh7 40. g4 Be6 41.
a3 Kg6 42. Rd8 Rxd8 43. Rxd8 Kg5 44. Ke3 a5 45. Ra8 Rxa8 46. Nxa8 1-0

[Event "AUTO-MASTER-3152"]
[Site "http://www.queenalice.com/game.php?id=1807000"]
[Date "2023.3.1"]
[Round "1"]
[White "MackMendes"]
[Black "Guilherme_Ottoni"]
[Result "0-1"]
[WhiteElo "2249"]
[BlackElo "2242"]

1. d4 d5 2. c4 dxc4 3. Nc3 a6 4. a4 Nc6 5. d5 Na5 6. Bf4 Nf6 7. e4 e6 8. Nf3 Bb4
9. Bg5 h6 10. Bxf6 Qxf6 11. Qc2 Bxc3+ 12. bxc3 exd5 13. exd5 Bf5 14. Qe2+ Kd8
15. Qb2 Re8+ 16. Be2 Bd3 17. Nd4 Nb3 18. O-O Bxe2 19. Nxe2 Nxa1 20. Rxa1 Rb8 21.
Rd1 Qe5 22. Ng3 b5 23. axb5 axb5 24. Qb4 Kd7 25. h3 Qd6 26. Qb1 Qa3 27. Qf5+ Kd8
28. Qxf7 Qe7 29. Qf4 Rf8 30. Qd4 Rb6 31. Ne4 Rf4 32. f3 g5 33. d6 Rxd6 34. Nxd6
Rxd4 35. Rxd4 cxd6 36. Kf2 Kc7 37. Re4 Qf6 38. Re3 Kc6 39. g3 Qf5 40. Re4 d5 41.
Re2 Qxh3 42. g4 h5 43. gxh5 Qxh5 44. Re6+ Kc5 0-1

[Event "AUTO-MASTER-3152"]
[Site "http://www.queenalice.com/game.php?id=1807015"]
[Date "2023.3.1"]
[Round "1"]
[White "Kapablanca"]
[Black "MackMendes"]
[Result "0-1"]
[WhiteElo "2180"]
[BlackElo "2279"]

1. d4 d5 2. c4 e5 3. dxe5 d4 4. Nf3 c5 5. e3 Nc6 6. exd4 cxd4 7. Be2 Bc5 8. O-O
Nge7 9. Bg5 Bf5 10. Bd3 Qd7 11. Na3 a6 12. Nc2 h6 13. Bh4 Ng6 14. Bg3 O-O 15.
Re1 Bg4 16. h3 Bh5 17. Qd2 Bxf3 18. gxf3 Qxh3 19. Bf1 Qf5 20. f4 Rad8 21. a3 h5
22. Bd3 Qh3 23. Bf1 Qd7 24. Bd3 h4 25. Bh2 Qg4+ 0-1

[Event "AUTO-MASTER-3152"]
[Site "http://www.queenalice.com/game.php?id=1807016"]
[Date "2023.3.1"]
[Round "1"]
[White "MackMendes"]
[Black "Kapablanca"]
[Result "1-0"]
[WhiteElo "2155"]
[BlackElo "2070"]

1. d4 d5 2. c4 e6 3. Nf3 Nf6 4. Bg5 Be7 5. Nc3 O-O 6. e3 h6 7. Bh4 c6 8. Bd3 Nh7
9. Bxe7 Qxe7 10. O-O f5 11. Ne5 Qe8 12. f4 Nd7 13. Rf3 Ndf6 14. Rg3 Ne4 15. Nxe4
fxe4 16. Be2 Nf6 17. c5 Nd7 18. Bh5 Qd8 19. Qg4 Qf6 20. Ng6 Re8 21. Rf1 Nf8 22.
Ne5 Re7 23. Qh3 Bd7 24. Ng6 Nxg6 25. Bxg6 Rf8 26. b4 a6 27. a3 e5 28. f5 exd4
29. exd4 Qxd4+ 30. Kh1 e3 31. Rgf3 Be8 32. f6 Rxf6 33. Rxf6 gxf6 34. Bxe8 Rxe8
35. Qxh6 e2 36. Qg6+ Kf8 37. Rxf6+ Ke7 38. Rf7+ Kd8 39. Qd6+ 1-0

[Event "AUTO-MASTER-3152"]
[Site "http://www.queenalice.com/game.php?id=1807025"]
[Date "2023.3.1"]
[Round "1"]
[White "Mistakesrme"]
[Black "MackMendes"]
[Result "1-0"]
[WhiteElo "2265"]
[BlackElo "2261"]

1. c4 e5 2. g3 Bc5 3. Bg2 Nf6 4. Nc3 Nc6 5. Nf3 O-O 6. d3 d5 7. cxd5 Nxd5 8. O-O
h6 9. Na4 Be7 10. a3 Be6 11. b4 Bf6 12. Bb2 Nd4 13. Nd2 Rb8 14. e3 Nb5 15. Nc4
1-0

[Event "AUTO-MASTER-3152"]
[Site "http://www.queenalice.com/game.php?id=1807026"]
[Date "2023.3.1"]
[Round "1"]
[White "MackMendes"]
[Black "Mistakesrme"]
[Result "0-1"]
[WhiteElo "2274"]
[BlackElo "2252"]

1. d4 e6 2. Nf3 f5 3. c4 Nf6 4. Bg5 Bb4+ 5. Nbd2 O-O 6. a3 Bxd2+ 7. Nxd2 h6 8.
Bf4 d6 9. g3 Nc6 10. Nf3 Qe8 11. Bg2 a5 12. O-O g5 13. Be3 Qg6 14. d5 Nd8 15.
Nd4 e5 16. Nb5 Rf7 0-1

[Event "AUTO-MASTER-3154"]
[Site "http://www.queenalice.com/game.php?id=1807738"]
[Date "2023.3.11"]
[Round "1"]
[White "IranSilva"]
[Black "MackMendes"]
[Result "1-0"]
[WhiteElo "2185"]
[BlackElo "2178"]

1. e4 c5 2. Nf3 Nc6 3. d4 cxd4 4. Nxd4 e5 5. Nb5 d6 6. N1c3 a6 7. Na3 b5 8. Nd5
Nf6 9. Bg5 Be7 10. Bxf6 Bxf6 11. c3 O-O 12. Be2 Bg5 13. O-O Bb7 14. Nc2 Ne7 15.
Nce3 f5 16. Nxe7+ Qxe7 17. Nxf5 Qe6 18. Qxd6 Qxd6 19. Nxd6 Bc6 20. c4 Be7 21.
cxb5 axb5 22. Bxb5 Bxb5 23. Nxb5 Rab8 24. a4 Bc5 25. Rad1 Rf4 26. Rd5 Rc8 27.
Nc3 Bd4 28. Ne2 Rxe4 29. Nxd4 exd4 30. f3 Re2 31. Rxd4 Rcc2 32. Rg4 Rxb2 33. Ra1
Kf7 34. h4 h5 35. Rg5 g6 36. a5 1-0

[Event "AUTO-MASTER-3154"]
[Site "http://www.queenalice.com/game.php?id=1807739"]
[Date "2023.3.11"]
[Round "1"]
[White "MackMendes"]
[Black "IranSilva"]
[Result "0-1"]
[WhiteElo "2166"]
[BlackElo "2197"]

1. d4 d5 2. c4 e6 3. Nf3 Bb4+ 4. Bd2 Be7 5. Nc3 c6 6. cxd5 exd5 7. e4 dxe4 8.
Nxe4 Nf6 9. Bd3 O-O 10. O-O Bg4 11. Bc3 Nbd7 12. h3 Bh5 13. Ned2 Nd5 14. Qc2 Bg6
15. Ne4 Kh8 16. Ne5 Nxe5 17. dxe5 Nxc3 18. Qxc3 f6 19. Rad1 fxe5 20. Qxe5 Re8
21. Qf4 Qb6 22. b3 Rf8 23. Qg3 Rad8 24. Nc3 Bd6 25. Qh4 Bxd3 26. Rxd3 Bh2+ 27.
Kxh2 Rxd3 28. Na4 Qd4 29. Qg5 Qf4+ 30. Qxf4 Rxf4 31. Nc5 Rd2 32. f3 b6 33. Ne6
Rf6 34. Ng5 Rxa2 0-1

[Event "AUTO-MASTER-3154"]
[Site "http://www.queenalice.com/game.php?id=1807754"]
[Date "2023.3.11"]
[Round "1"]
[White "MackMendes"]
[Black "CCapivara"]
[Result "0-1"]
[WhiteElo "2191"]
[BlackElo "2160"]

1. d4 d6 2. c4 Nf6 3. Nc3 c6 4. Bg5 Nbd7 5. Nf3 e5 6. d5 Be7 7. e4 O-O 8. Bd3
cxd5 9. cxd5 Nxd5 10. Bxe7 Nxe7 11. h4 Nc5 12. Be2 Ng6 13. h5 Nf4 14. h6 g6 15.
g3 Nxe2 16. Qxe2 Bg4 17. Qe3 Ne6 18. Nh2 Nd4 19. Rc1 Be6 20. Nf3 Nxf3+ 21. Qxf3
f5 22. exf5 Rxf5 23. Qxb7 Rf7 24. Qb4 Rb8 25. Qa3 Qb6 26. Rc2 d5 27. O-O Rbf8
28. Na4 Qd4 29. Nc5 Bh3 30. Qc3 Qxc3 0-1

[Event "AUTO-MASTER-3154"]
[Site "http://www.queenalice.com/game.php?id=1807755"]
[Date "2023.3.11"]
[Round "1"]
[White "CCapivara"]
[Black "MackMendes"]
[Result "1-0"]
[WhiteElo "2128"]
[BlackElo "2205"]

1. e4 c5 2. Nf3 Nc6 3. d4 cxd4 4. Nxd4 a6 5. Nc3 e5 6. Nxc6 bxc6 7. Bc4 Be7 8.
O-O Bb7 9. Qg4 Bf6 10. Rd1 Ne7 11. Bg5 Bxg5 12. Qxg5 Ng6 13. Qf5 O-O 14. Qxd7
Qb6 15. Bb3 Rad8 16. Qg4 Bc8 17. Qg5 Kh8 18. g3 h6 19. Qh5 Kh7 20. Rxd8 Qxd8 21.
Rd1 Qb6 22. Na4 Qb4 23. Nc3 f5 24. exf5 Bxf5 25. Qe2 Bg4 26. Qe1 Bxd1 27. Qxd1
Qb6 28. Qe2 Qd4 29. h4 a5 30. Kg2 Ne7 31. f3 Nd5 32. Ne4 1-0

[Event "AUTO-MASTER-3154"]
[Site "http://www.queenalice.com/game.php?id=1807756"]
[Date "2023.3.11"]
[Round "1"]
[White "MackMendes"]
[Black "jogador58"]
[Result "0-1"]
[WhiteElo "2217"]
[BlackElo "2224"]

1. d4 Nf6 2. c4 g6 3. Nc3 Bg7 4. Bg5 c6 5. e4 d6 6. Be2 O-O 7. Qd2 e5 8. d5 c5
9. f4 a6 10. Nf3 Nbd7 11. fxe5 dxe5 12. O-O Rb8 13. h4 Qe8 14. Nh2 h5 15. Rf2
Nh7 16. Bh6 Bh8 17. Bxf8 Qxf8 18. Raf1 Ndf6 19. Nf3 Ng4 20. Ng5 Nxf2 21. Rxf2
Nxg5 22. Qxg5 Bg7 23. b3 Bd7 24. a3 Qd8 25. Qg3 b5 26. Qf3 Be8 27. cxb5 axb5 28.
g3 Qa5 29. d6 Rd8 30. Qd3 c4 31. bxc4 bxc4 32. Qxc4 Rxd6 33. Kh2 Qa7 34. Kg2 Rc6
35. Qb5 Rc8 36. Qb3 Qc5 37. Nd5 Bd7 38. Qb4 Qxb4 39. axb4 Kf8 40. Ba6 Rb8 41.
Nc7 Rxb4 42. Nd5 Rd4 0-1

[Event "AUTO-MASTER-3154"]
[Site "http://www.queenalice.com/game.php?id=1807757"]
[Date "2023.3.11"]
[Round "1"]
[White "jogador58"]
[Black "MackMendes"]
[Result "0-1"]
[WhiteElo "2061"]
[BlackElo "2273"]

1. d4 d5 2. Nf3 c5 3. e3 Nf6 4. c4 Nc6 5. Nc3 Bg4 6. cxd5 Nxd5 7. Be2 cxd4 8.
exd4 e6 9. O-O Bd6 10. h3 Bh5 11. Nxd5 exd5 12. Be3 O-O 13. a3 f5 14. Ng5 Bxe2
15. Qxe2 Nxd4 0-1